000 00454nam a2200193Ia 4500
008 170918s9999 xx 000 0 und d
020 _a9781476723952
050 _bG862wa 2014
100 _aGrimes, Martha
245 4 _aThe way of all fish :
245 _ba novel /
245 _cby Martha Grimes.
260 _aNew York :
260 _bScribner,
260 _c2014
300 _a341 pages :
300 _billustrations ;
300 _c23cm.
999 _c343848
_d343848